Mezinárodní vztahy

Uložené v:
Podrobná bibliografia
Médium: Seriál
Jazyk:Czech
Vydavateľské údaje: Praha Ústav mezinárodních vztahů 2003
Predmet:
Tagy: Pridať tag
Žiadne tagy, Buďte prvý, kto otaguje tento záznam!

MARC

LEADER 00000nas2a22000001 4500
001 0052673
005 20230317103743.8
022 |a 0323-1844 
041 0 |a cze 
044 |a CZ 
245 1 0 |a Mezinárodní vztahy 
264 1 |a Praha  |b Ústav mezinárodních vztahů  |c 2003 
773 0 |w eu_un_cat*s120060 
610 2 0 |a politika medzinárodná 
610 2 0 |a politika svetová 
610 2 0 |a politika zahraničná